| 000 | 00386nam a2200169Ia 4500 | ||
|---|---|---|---|
| 008 | 220531s9999 xx 000 0 und d | ||
| 041 | _aeng | ||
| 082 | _bSHA | ||
| 100 |
_aShah, P. K. _951949 |
||
| 245 | _aFinancial Accounting | ||
| 260 |
_bSuvichar _c2008 |
||
| 300 | _a470 | ||
| 542 | _d07-08-2008 | ||
| 650 |
_aAccountancy _951950 |
||
| 906 | _d2008-2009 | ||
| 999 |
_c30193 _d30193 |
||